Informe a su excelencia el presidente de la república sobre las actividades desarrolladas al 15 de Mayo de 1996

Saved in:
Bibliografiske detaljer
Institution som forfatter: Corporación Nacional de Reparación y Reconciliación (Author)
Format: Bog
Sprog:spansk
Udgivet: Santiago Corporación Nacional de Reparación y Reconciliación 1996
Fag:
Tags: Tilføj Tag
Ingen Tags, Vær først til at tagge denne postø!

MARC

LEADER 00000nam a2200000 a 4500
001 UCR1840
003 CL-VaPUC
008 971219e19960000CL |||||||||||||||||spa|d
082 0 4 |a 323.4  |b COR  |2 21 
110 2 |a Corporación Nacional de Reparación y Reconciliación  |e author  |9 399379 
245 1 0 |a Informe a su excelencia el presidente de la república sobre las actividades desarrolladas al 15 de Mayo de 1996 
300 |a 132 p 
942 |c BK 
945 |d 19971219 00:00:00  |a jquezada 
260 |a Santiago  |b Corporación Nacional de Reparación y Reconciliación  |c 1996 
650 0 |a Derechos humanos  |9 223025 
650 0 |a Víctimas  |9 381468 
650 0 |a Asistencia social   |9 351613 
650 0 |a Derechos humanos  |9 223025 
650 0 |a Educación cívica  |9 314665 
651 7 |a CHILE  |2 CL-VaPUC  |9 399380 
583 |a last modification  |c 20170824 09:53:22  |k Rodrigo Vera 
999 |c 265200  |d 265198 
952 |0 0  |1 0  |4 0  |6 323_400000000000000_COR_1996  |7 0  |8 A  |9 296039  |a BIBHIS  |b BIBHIS  |d 2019-11-20  |i 3387860  |o 323.4 COR 1996  |p 3387860  |r 2025-01-20  |w 2019-11-20  |y BK  |k HIS